Vincitori Campionati Europei UEFA - Statistics

Statistiche generali
  • Questo quiz è stato fatto 146 volte
  • Il punteggio medio è 12 su 17
Statistiche sulle risposte
Anno Campione Finalista % Corretto
2020 Italia Inghilterra
100%
2024 Spagna Inghilterra
99%
2016 Portogallo Francia
96%
2012 Spagna Italia
95%
2008 Spagna Germania
93%
2000 Francia Italia
85%
2004 Grecia Portogallo
82%
1996 Germania Repubblica Ceca
77%
1968 Italia Yugoslavia
69%
1992 Danimarca Germania
62%
1980 Germania Ovest Belgio
57%
1984 Francia Spagna
50%
1988 Olanda Unione Sovietica
50%
1960 Unione Sovietica Yugoslavia
49%
1972 Germania Ovest Unione Sovietica
46%
1964 Spagna Unione Sovietica
43%
1976 Cecoslovacchia Germania Ovest
26%
Nessun quiz corrispondente trovato
Distribuzione punteggi
Percentuale di utenti per punteggio
Percentile per numero di risposta
I tuoi punteggi nel tempo
Non hai fatto questo quiz